Flagi Brytyjskich Terytoriów Zamorskich - Statystyki

Ogólne statystyki
  • Ten quiz został rozwiązany 18 razy
  • Średni wynik to 11 z 16
Statystyki odpowiedzi
Obrazkowy Odpowiedź % Poprawnych
Brytyjskie Terytorium Oceanu {Indyjskiego}
93%
Brytyjskie Wyspy {Dziewicze}
93%
{Gibraltar}
93%
Wyspa Świętej {Heleny}
93%
Georgia Południowa i {Sandwich} Południowy
79%
{Turks} i Caicos
79%
{Anguilla}
71%
{Bermudy}
71%
{Falklandy}
71%
Mont{Serrat}
71%
{Pitcairn}
57%
{Kajmany}
50%
Tristan da {Cunha}
50%
Brytyjskie Terytorium {Antarktyczne}
36%
Wyspa {Wniebowstąpienia}
29%
{Akrotiri} i Dhekelia
14%
Nie znaleziono quizów pasujących do podanych kryteriów
Rozkład punktacji
Procent ludzi z każdym wynikiem
Percentyl według liczby udzielonych odpowiedzi
Twoja historia wyników
Nie rozwiązałeś tego quizu